000 01153nam a2200241 4500
005 20260211123751.0
008 260211b |||||||| |||| 00| 0 eng d
020 _a8126310812 (pbk)
037 _cTB
040 _aCRL
_cCRL
041 _2hin
_ahin
084 _aO152,2:g(NT) R0
_qCRL
100 _aरस्तोगी, गिरीश
_91115165
245 _aबीसवीं शताब्दी का हिन्दी नाटक और रंगमंच
260 _aनयी दिल्ली, भारत:
_bभारतीय ज्ञानपीठ,
_c2020.
300 _a275पृ.
365 _b280.00
_cINR
490 _aलोकोदय ग्रंथमाला: ग्रंथांक 757
650 _aहिन्दी नाटक
_91115166
650 _aहिन्दी साहित्य
_91115167
942 _2CC
_cTB
_hO152,2:g(NT) R0
_n0
999 _c1679284
_d1679284